000 01016nam a2200217 i 4500
001 33163
003 ES-MaACL
005 20250808082322.0
007 t|
008 030201s1887 sp ||||1| spa d
245 0 0 _aBiblioteca de legislación agrícola :
_brecopilación completa de las disposiciones dictadas desde principios del siglo actual, referentes al ramo de agricultura.
_nTomo primero,
_pEnseñanza agrícola, personal y servicio agronómico, concursos de obras y premios a la agricultura /
_cpor José de Robles y Rogelio Valledor.
260 _aMadrid :
_b[s.n.],
_c1887 (
_fL. Peaut e Hijos)
300 _aXXXIX, 554 p., [1] h. pleg. de lám. ;
_c24 cm.
530 _aDisponible en formato digital.
650 0 4 _aDerecho agrario-
_zEspaña
_911649
700 1 _aRobles, José de.
_997934
700 1 _aValledor, Rogelio.
_9112827
852 _aES-MaACL
_jG-13837
856 _uhttp://bdh-rd.bne.es/viewer.vm?id=0000126378&page=1
_zBiblioteca Digital Hispánica
999 _c33163
_d33163